Transformácia organizačnej základne v SR Príloha HN

Zmena štruktúry organizácií podľa vlastníctva, zahraničnej účasti a veľkosti. Monitor ukazovateľov hospodárskeho vývoja SR.

Guardado en:
Detalles Bibliográficos
Formato: Capítulo de libro
Lenguaje:eslovaco
Materias:
Etiquetas: Agregar Etiqueta
Sin Etiquetas, Sea el primero en etiquetar este registro!

MARC

LEADER 00000naa a2200000 4500
001 r021865
005 20230801105251.6
041 0 |a slo 
044 |a SK 
245 1 0 |a Transformácia organizačnej základne v SR  |b Príloha HN 
520 |a Zmena štruktúry organizácií podľa vlastníctva, zahraničnej účasti a veľkosti. Monitor ukazovateľov hospodárskeho vývoja SR. 
610 2 0 |a Slovensko 
610 2 0 |a 1995 
610 2 0 |a 1996 
610 2 0 |a štruktúra organizačná 
610 2 0 |a rast hospodársky 
610 2 0 |a organizácie